Návrh systému získavania a výberu zamestnancov : Diplomová práca

Enregistré dans:
Détails bibliographiques
Auteur principal: Škorec, Juraj (Auteur)
Autres auteurs: Sablik, Jozef, 1944- (xxx)
Format: Manuscrit Livre
Langue:slovaque
Publié: Trnava : STU v Bratislave MtF KPIM, 2006
Sujets:
Tags: Ajouter un tag
Pas de tags, Soyez le premier à ajouter un tag!

MARC

LEADER 00000ntm a22000003a 4500
001 stu121795
005 20160719155435.8
008 060623s2006----xo------------------slo-d
040 |a STU  |b slo 
041 0 |a slo 
044 |a xo 
100 1 |a Škorec, Juraj  |4 aut 
245 1 |a Návrh systému získavania a výberu zamestnancov :  |b Diplomová práca 
260 |a Trnava :  |b STU v Bratislave MtF KPIM,  |c 2006 
300 |a 63 s  |c 1 CD 
650 7 |a priemyselné inžinierstvo a manažment  |2 stusub 
650 7 |a personalistika  |2 stusub 
700 1 |a Sablik, Jozef,  |d 1944-  |4 xxx  |u M4000  |U MTF Materiálovotechnologická fakulta  |T MTF Ústav priemyselného inžinierstva a manažmentu  |X 324  |U M4000  |Y 84  |7 A000000324 
996 |b 284M073566  |c M*DP-6194  |l MMSKP  |s P  |a 0  |w stu121795_0001